000
00317nam a22001457a 4500
008
221208b ||||| |||| 00| 0 eng d
020
_a
978495831587
041
_a
eng
080
_a
311
082
_a
311PFE
100
_a
25.2
101
_a
STATI
245
_a
ELEMENTARY STATISTICS
_c
PFENNING N
942
_2
udc
_c
BK
999
_c
59147
_d
59147